| 000 | 00904nam a22002777a 4500 | ||
|---|---|---|---|
| 003 | CHAP | ||
| 005 | 20220329140035.0 | ||
| 008 | 971013s1982 r 00010 d | ||
| 010 | _a46066 | ||
| 011 | _a47038 | ||
| 035 | _a51179 | ||
| 040 | _cCHAP | ||
| 082 |
_a635.21 _bS3 |
||
| 100 | 0 | 0 |
_aSalazar, Luis F. _9101482 |
| 245 | _aManual de enfermedades virosas de la papa | ||
| 260 |
_aLima : _bCentro Internacional de la Papa, _c1982 |
||
| 300 |
_a111 p. _b: ilus. |
||
| 590 |
_aBATCH-UPD _b10 _c20130110 _lUCH01 _h2153 |
||
| 590 |
_aCONVERSION _b10 _c20130109 _lUCH01 _h1325 |
||
| 650 | 1 | 4 |
_aPapa _xEnfermedades por virus. _985231 |
| 901 | _aBK | ||
| 942 | _cLIBRO | ||
| 949 |
_a635.21 S3 _bBC _cLIBRO _d33724000261715 _eLIBRO _h59809 _i51179 _si |
||
| 949 |
_a635.21 S3 _bBC _cLIBRO _d33724000261723 _eLIBRO _fc.2 _h68269 _i51179 _si |
||
| 949 |
_a635.21 S3 _bBC _cLIBRO _d33724000766390 _eLIBRO _fc.3 _h68270 _i51179 _si |
||
| 999 |
_c46066 _d46066 |
||